Vị thế của phụ nữ và nam giới trong hưởng dụng đất hiệnnay : Nghiên cứu ở thôn Mật, xã Văn Miếu huyện Thanh Sơn, tỉnh Phú Thọ /

Đã lưu trong:
书目详细资料
主要作者: Lương Thị Thu Hằng, ThS.
格式: Bài viết
语言:Vietnamese
主题:
标签: 添加标签
没有标签, 成为第一个标记此记录!
Thư viện lưu trữ: Thư viện Trường Đại học Đà Lạt
LEADER 00958nam a2200289 4500
001 DLU090102089
005 ##20091202
040 # # |a DLU  |b vie 
041 # # |a vie 
044 # # |a vn 
100 # # |a Lương Thị Thu Hằng,  |c ThS. 
245 # # |a Vị thế của phụ nữ và nam giới trong hưởng dụng đất hiệnnay :  |b Nghiên cứu ở thôn Mật, xã Văn Miếu huyện Thanh Sơn, tỉnh Phú Thọ /  |c Lương Thị Thu Hằng. 
653 # # |a Đất đai 
653 # # |a Chế độ phụ hệ 
653 # # |a Nam giới 
653 # # |a Phụ nữ 
653 # # |a Quyền sở hữu 
773 # # |t Nghiên cứu gia đình và giới  |g Số 5(66), 2004, tr. 21-29 
920 # # |a Phòng Tạp chí -- Trung tâm Thông tin - Thư viện Trường Đại học Đà Lạt 
994 # # |a DLU 
900 # # |a True 
911 # # |a Đào Thị Thu Huyền 
925 # # |a G 
926 # # |a A 
927 # # |a BB 
980 # # |a Thư viện Trường Đại học Đà Lạt